| 000 | 00875nac a22002777a 4500 | ||
|---|---|---|---|
| 001 | BR6005766 | ||
| 003 | BR-BrBNA | ||
| 005 | 20250224113425.0 | ||
| 008 | 230509b bl.|||m| |||| 00| 0 por d | ||
| 040 |
_aBR-BrBNA _bpor _cBiblioteca Nacional de Agricultura |
||
| 072 | _aL73 | ||
| 090 | _a6600 BR6005766 | ||
| 100 | 1 | _aSantos, J.A. dos | |
| 110 | 1 | _aServico de Informacao Agricola, Rio de Janeiro, GB (Brasil) | |
| 245 | 1 | _aEnterepatite dos perus [Tricomonose] | |
| 250 | 1 | _a2. ed. | |
| 260 | 3 |
_aRio de Janeiro, GB (Brasil): _c1949. |
|
| 300 | _a4 p. | ||
| 490 |
_aSIA (Brazil) _vno. 260 |
||
| 500 | _aReprint of "Boletim do Ministerio da Agricultura" may 1945 | ||
| 650 | _aDoenca animal | ||
| 650 | _aPeru | ||
| 650 | _aTricomonose | ||
| 856 | _uhttps://repositorio-dspace.agricultura.gov.br/bitstream/1/6005/1/1949%20SIA%20260.pdf | ||
| 942 |
_2AGRIS _n0 _cMS |
||
| 999 |
_c262105 _d262105 |
||